000 00877 a2200181 4500
001 137414
020 _a9788573123661
040 _cLeonardo Da Vinci
041 _aPortuguês
082 _a658.3 P568
_bP568
100 _aLIMONGI-FRANÇA, Ana Cristina
_aFISCHER, André Luiz
_aNOGUEIRA, Arnaldo José França Mazzei
_aARRELANO, Eliete Bernal
_aREIS, Germano Glufke
_aSHINYASHIKI, Gilberto
_aSAMPAIO, Jáder dos Reis
_aDUTRA, Joel Souza
_aHIPÓLITO, José Antonio Monteiro
_aALBUQUERQUE, Lindolfo Galvão de
_aFLEURY, Maria Tereza Leme (Org.)
_aEBOLI, Marisa
_aOLIVEIRA JUNIOR, Moacir de Miranda
_aFISCHER, Rosa Maria
_aCASADO, Tânia
245 _aAs pessoas na organização
250 _a16. ed
260 _bGente
_c2002
_aSão Paulo
362 _a20020000
697 _aAdministração
_aGestão de pessoas
_aOrganização
_aEstratégia organizacional
_aCarreira
_aFIPEN
942 _cBK
999 _c137414
_d137414